000 00612nam a2200277Ia 4500
005 20260324142704.0
008 008 260324s9999 xx 000 0 eng d
020 _a9781315846033
037 _aEBOOK
040 _aCRL
040 _beng
040 _cCRL
041 _2eng
041 _aeng
084 _qCRL
100 _aT C W Blanning
_91212887
245 0 _aJoseph II
260 _bTaylor and Francis
260 _c1994
365 _a
365 _b230
856 _uhttp://www.taylorfrancis.com/books/9781315846033
942 _cEBOOK
999 _c1817348
_d1817348